PREŠOVSKÉ MOTÍVY V DIELE JOZEFA BENDÍKA

Bibliographic Details
Main Author: Hrebíčková, Marta, 1952- (Author)
Format: Article
Language:Slovak
Subjects:

MARC

LEADER 00000nab a2200000 a 4500
001 vtls010701819
003 SK-MaSNL
005 20260304194437.0
008 250709s1977 xo |||||||||||||||||slo|
035 |a (urnnbn)urn:nbn:sk:snk:ar-0055n1 
035 |a (uuid)31ed92ad-d106-4a0a-8e3d-6183f30ad040 
035 |a urn:nbn:sk:snk-ab36wd 
040 |a SNKBUCL  |b slo  |c SNKBUCL  |e AACR2 
041 0 |a slo 
044 |a xo  |c SK 
100 1 |a Hrebíčková, Marta,  |d 1952-  |4 aut  |9 251945 
245 1 0 |a PREŠOVSKÉ MOTÍVY V DIELE JOZEFA BENDÍKA  |c M. Hrebíčková 
600 1 7 |a Bendík, Jozef,  |d 1903-1989  |2 SNKMA  |9 37902 
773 0 |t Výtvarný život  |g Roč. 22, č. 5 (1977), s. 32 
850 |a Slovenská národná knižnica 
852 |a Slovenská národná knižnica 
954 |a odborná, vedecká literatúra pôvodná (slovenská)  |2 lita 
958 |a article1 
958 |a OND 
958 |a EUIPO 
999 |c 3074180  |d 3076110